000 00796nam a2200217 i 4500
001 189677
003 ES-MaACL
005 20251003151010.0
008 190903s1944 sp |||| | spa d
245 0 3 _aEl legado de Grecia /
_ceditado por Richard Livingstone ; traducción del inglés por A.J. Dorta.
260 _aMadrid :
_bPegaso,
_c1944.
300 _aXI, 566 p., 10 p. de lám ;
_c20 cm.
490 1 _aLos legados de la Universidad de Oxford ;
_v3
594 _aPrecede al tít.: Universidad de Oxford.
650 4 _aCivilización griega.
_9137206
700 1 _aLivingstone, Richard Winn,
_cSir,
_d1880-1960
_9168093
700 0 _aDorta, A. J.
_945439
830 0 _aLos legados de la Universidad de Oxford ;
_v3
_9193372
852 _aES-MaACL
_jP-761-3
999 _c189677
_d189677